000 00448nam a2200181Ia 4500
001 16089
005 20260306170244.0
008 260306t1983||||xx |||||||||||||| ||und||
041 _aESP
082 _a346.6
_bP91E T. 1
100 _aPuente y Lavalle, Manuel de la
_eAUT
245 0 _aEstudios sobre el contrato privado
260 _c1983
300 _a581 páginas :
_c24 cm.
650 _aGEN
654 _aCDE
942 _cLIB
_dJUS
_fJUS
_2ddc
_n
999 _c16089
_d16089